000 01349nam a2200385 i 4500
001 13260
003 KOSZ 005
005 20200401120623.0
008 070608s1970 pl f f 000 0 pol
015 _aPB 1971/793
040 _aWA N
_cWA N
_dKOSZ 005/KK
080 _a658
080 _a62
080 _a331.054+331.04
100 1 _aIndraszkiewicz, Jerzy
_d(1942-1996).
_eAutor.
245 1 0 _aPsychologia i socjologia w przedsiębiorstwie przemysłowym :
_bzagadnienia wybrane /
_cJerzy Indraszkiewicz.
250 _aWydanie 1 seria 3.
260 _aWarszawa :
_bWydawnictwa Naukowo-Techniczne,
_c1970.
300 _a103, [1] strony ;
_c23 cm.
336 _aTekst
_btxt
_2rdacontent
337 _aBez urządzenia pośredniczącego
_bn
_2rdamedia
338 _aWolumin
_bnc
_2rdacarrier
380 _aKsiążki.
490 1 _aBiblioteka Organizatora Produkcji.
500 _aDruk z klisz.
504 _aBibliografia na stronach 103-[104],
658 _aSocjologia i społeczeństwo
658 _aPsychologia
650 4 _aPraca
650 4 _aPrzedsiębiorstwo
710 2 _aWydawnictwa Naukowo-Techniczne
_4pbl.
856 _uhttp://koha.tu.koszalin.pl/cgi-bin/koha/opac-detail.pl?biblionumber=13260
_yKatalog online BPK
830 0 _aBiblioteka Organizatora Produkcji
942 _2UKD
_cKS
999 _c13260
_d13260